000 00641nam a22001937a 4500
999 _c181456
_d181456
005 20210914170831.0
010 _aENG-129917
020 _a9789386515834
_c3099.00
035 _aEN-113449
037 _bDBAD/PUB
082 _a346.54066
100 _aChandratre,K R
245 _aCompany Secretarial Practice Manual:
_cby K Kannan
250 _a12th ed.
260 _bLexis Nexis
_aIndia
_c2019
270 _bGurgaon
_e122002
_a14th Floor , Building No 10, Tower-B, DLF Cyber City, phase -ll
_k+91 124 4774444
_l+91 124 4774100
_mhelp.in@lexisnexis.com
300 _av.p.
_c25cm(hbk)
942 _2ddc
_cEN
_h346.54066
_m CHA